Unique Country Names Quiz Stats

 Plays Quiz Updated Dec 31, 2018

Also try: 3-Letter Europe
Challenge
Share
Tweet
Embed
Score 0/15 Timer 06:00
11 Plays Today
% Correct
Yemen
97.4%
Qatar
96.7%
Oman
95.3%
Oman
92.5%
Iraq
75.1%
Afghanistan
70.7%
Djibouti
62.2%
Spain
56.8%
% Correct
Equatorial Guinea
53.7%
Ukraine
41.2%
Tuvalu
40.5%
Bangladesh
32.7%
Denmark
30.9%
Pakistan
28.5%
Luxembourg
25.7%

You're not logged in!

Compare scores with friends on all Sporcle quizzes.
OR
Log In

You Might Also Like...

Show Comments

Extras

Top Quizzes Today


Score Distribution

Your Account Isn't Verified!

In order to create a playlist on Sporcle, you need to verify the email address you used during registration. Go to your Sporcle Settings to finish the process.

Report this User

Report this user for behavior that violates our Community Guidelines.

Details: